| 000 | 00758nam a2200253 4500 | ||
|---|---|---|---|
| 001 | 34694 | ||
| 010 | _a9789722542975 | ||
| 021 |
_aPT _b493021/21 |
||
| 090 | _a34694 | ||
| 100 | _a20220509d2022 m y0pory50030103ba | ||
| 101 | 0 | _apor | |
| 102 | _aPT | ||
| 200 | 1 |
_aUma luz na noite escura _ea solidão e a capacidade de estar só _fJoão Carlos Melo |
|
| 205 | _a1ª. ed. | ||
| 210 | 9 |
_aLisboa _cBertrand _d2022 |
|
| 215 |
_a191, [1] p. _d24 cm |
||
| 606 |
_95785 _aEmoções _xSolidão |
||
| 675 |
_a159.942 _vBN _zpor |
||
| 675 |
_a616.89-008.48 _vBN _zpor |
||
| 700 |
_aMelo _bJoão Carlos _95763 _4070 |
||
| 801 | 0 |
_aPT _bBN _gRPC |
|
| 856 | 4 | 1 | _uhttp://rnod.bnportugal.gov.pt/ImagesBN/winlibimg.aspx?skey=&doc=2099346&img=164861&save=true |
| 990 | _cLIVROS | ||
| 994 | _aCOMP | ||